|
|
|
|
| LEADER |
00000cas a2200000 c 4500 |
| 001 |
1841959243 |
| 003 |
DE-627 |
| 005 |
20250724221321.0 |
| 007 |
cr ||||||||||| |
| 008 |
230411c20229999gw z| m|o 0 |0ger c |
| 016 |
7 |
|
|a 1285904435
|2 DE-101
|
| 016 |
7 |
|
|a 3155961-X
|2 DE-600
|
| 022 |
|
|
|a 3053-108X
|
| 035 |
|
|
|a (DE-627)1841959243
|
| 035 |
|
|
|a (DE-599)ZDB3155961-X
|
| 035 |
|
|
|a (OCoLC)1411702635
|
| 040 |
|
|
|a DE-627
|b ger
|c DE-627
|e rda
|
| 041 |
|
|
|a ger
|
| 044 |
|
|
|c XA-DE
|
| 082 |
0 |
4 |
|a 300
|q DE-101
|
| 082 |
0 |
4 |
|a 300
|a 330
|q DE-600
|
| 222 |
|
0 |
|a NaDiRa working papers +
|
| 245 |
0 |
0 |
|a NaDiRa working papers +
|b Forschungsergebnisse aus Kurzstudien des Nationalen Diskriminierungs- und Rassismusmonitors (NaDiRa)
|c Herausgeber DeZIM-Institut, Deutsches Zentrum für Integrations- und Migrationsforschung DeZIM e.V.
|
| 246 |
1 |
|
|i Abweichender Titel
|a NaDiRa working papers
|
| 264 |
3 |
1 |
|a Berlin
|b Deutsches Zentrum für Integrations- und Migrationsforschung DeZIM e.V.
|c 4. August 2022-
|
| 300 |
|
|
|a Online-Ressource
|
| 336 |
|
|
|a Text
|b txt
|2 rdacontent
|
| 337 |
|
|
|a Computermedien
|b c
|2 rdamedia
|
| 338 |
|
|
|a Online-Ressource
|b cr
|2 rdacarrier
|
| 362 |
0 |
|
|a NWP # 01 (2022)-
|
| 363 |
0 |
1 |
|a 1
|i 2022
|
| 655 |
|
7 |
|a Monografische Reihe
|0 (DE-588)4179998-7
|0 (DE-627)104628669
|0 (DE-576)209995106
|2 gnd-content
|
| 710 |
2 |
|
|a DeZIM-Institut
|e Herausgebendes Organ
|0 (DE-588)1187189677
|0 (DE-627)1666349100
|4 isb
|
| 776 |
1 |
|
|x 3053-1071
|
| 856 |
4 |
0 |
|u https://www.rassismusmonitor.de/publikationen/
|x Verlag
|z kostenfrei
|7 0
|
| 951 |
|
|
|a ST
|
| ELC |
|
|
|a 1
|
| OAS |
|
|
|a 1
|
| ORI |
|
|
|a SA-MARC-krimdok_ob001.raw
|
| SPR |
|
|
|a 1
|t KRI
|